Colours of the Rainbow - Statistics

General Stats
  • This quiz has been taken 146 times
  • The average score is 6 of 7
Answer Stats
Answer % Correct
Yellow
100%
Blue
99%
Red
99%
Green
98%
Orange
94%
Violet
80%
Indigo
74%
No matching quizzes found
Score Distribution
Percent of People with Each Score
Percentile by Number Answered
Your Score History
You have not taken this quiz